Confederation of Construction Clients (Record no. 120188)

MARC details
000 -LEADER
fixed length control field 00831cam a2200205 4500
001 - CONTROL NUMBER
control field WS119499
008 - FIXED-LENGTH DATA ELEMENTS--GENERAL INFORMATION
fixed length control field 020830n 000 0 eng u
035 ## - SYSTEM CONTROL NUMBER
System control number (Sirsi) u119499
110 ## - MAIN ENTRY--CORPORATE NAME
Corporate name or jurisdiction name as entry element Confederation of Construction Clients
9 (RLIN) 4342
245 ## - TITLE STATEMENT
Title Confederation of Construction Clients
520 ## - SUMMARY, ETC.
Summary, etc. Web site for this organisation which represents the interests of purchasing clients in the construction industry. Includes details of the Clients Charter and a list of companies who have signed up to it.
650 ## - SUBJECT ADDED ENTRY--TOPICAL TERM
Topical term or geographic name entry element CONSTRUCTION INDUSTRY
650 ## - SUBJECT ADDED ENTRY--TOPICAL TERM
Topical term or geographic name entry element ORGANISATION
650 ## - SUBJECT ADDED ENTRY--TOPICAL TERM
Topical term or geographic name entry element CLIENTS CHARTER
650 ## - SUBJECT ADDED ENTRY--TOPICAL TERM
Topical term or geographic name entry element CONSTRUCTION CLIENTS FORUM
650 ## - SUBJECT ADDED ENTRY--TOPICAL TERM
Topical term or geographic name entry element CONSTRUCTION CLIENTS
690 ## - LOCAL SUBJECT ADDED ENTRY--TOPICAL TERM (OCLC, RLIN)
Topical term or geographic name as entry element BUILT ENVIRONMENT
856 40 - ELECTRONIC LOCATION AND ACCESS
Uniform Resource Identifier <a href="https://www.clientsuccess.org">https://www.clientsuccess.org</a>
Public note View the website free of charge at www.clientsuccess.org...
942 ## - ADDED ENTRY ELEMENTS (KOHA)
Suppress in OPAC 0
Holdings
Withdrawn status Lost status Source of classification or shelving scheme Damaged status Not for loan Home library Current library Shelving location Date acquired Total Checkouts Full call number Barcode Date last seen Copy number Price effective from Koha item type
    Dewey Decimal Classification     Virtual Virtual Online 30/08/2002   WEB SITE 119499-2001 06/08/2019 1 06/08/2019 Online material